Образ німців на матеріалах щоденної українсько- та російськомовної преси Києва (січень 1914 – грудень 1918 рр.) (Запис № 461090)

МАРК-запис
000 -Лідер
fixed length control field 04023nam a22002657a 4500
001 - Контрольний номер
control field 216219077
003 - Ідентифікатор контрольного номера
control field UA-OsUOA
005 - Дата та час останнього входження (трансакції)
control field 20210103182647.0
008 - Елементи даних фіксованої довжини – загальна інформація
fixed length control field 200819b un ||||| m||| 00| 0 ukr d
040 ## - Джерело каталогізації
Агенція оригінальної каталогізації UA-OsUOA
Мова каталогізації ukr
Агенція, яка здійснювала перезапис UA-OsUOA
Агенція, яка здійснювала модифікацію UA-OsUOA
041 ## - Код мови
Код мови тексту/ звукової доріжки чи окремого заголовка (П) ukr
080 ## - Індекс Універсальної десяткової класифікації
Індекс Універсальної десяткової класифікації (УДК) (НП) 94(477)(=112.2):070.447(447-25):(05)"520*1'::=161.2+=161.1:"1914-1918"
090 ## - Локальний шифр розміщення
Класифікаційний індекс УДК 94(477)(=112.2):070.447(447-25):(05)"520*1'::=161.2+=161.1:"1914-1918"
095 ## - Код спеціальності для авторефератів
Код спеціальності 07.00.01
Назва спеціальності історія України
100 ## - Основне введення – ім’я особи
Ім’я особи (НП) Басенко І. В.
245 ## - Відомості про назву
Назва (НП) Образ німців на матеріалах щоденної українсько- та російськомовної преси Києва (січень 1914 – грудень 1918 рр.)
Дані про відповідальність (НП) Басенко Іван Володимирович ; наук. керівник Бетлій Олена Вячеславівна
260 ## - Публікація, розповсюдження і т.п. (Вихідні дані)
Місце публікації, розповсюдження і т.п. (П) Київ
Дата публікації, розповсюдження і т.п. (П) 2020
300 ## - Фізичний опис
Обсяг 16 с.
502 ## - Примітка про дисертацію
Зв'язок Автореферат дисертації на здобуття наукового ступеня кандидата історичних наук<br/>
Наймення інституції, що представляється Київський університет імені Бориса Грінченка
Рік отримання вченого ступеня 2020
520 ## - Резюме і т.п.
Резюме, реферат, анотація, тощо (НП) Дисертація є комплексним дослідженням образу німців у щоденній українсько- й російськомовній пресі Києва 1914–1918 рр. На основі джерел періодики простежено еволюцію уявлень про німців й Німеччину впродовж мирного часу 1914 р., участі Російської імперії у Великій війні та за доби Української революції 1917–1918 рр. Залучення архівних матеріалів й літератури дозволило врахувати чинники цензури і пропаганди, порівняти київський досвід зі сприйняттям німців в Росії та державах Антанти. За допомогою зіставлення видань різного напряму і мови друку продемонстровано ідеологічно розмаїтий, поліетнічний інформаційний простір Києва. Студія пояснює, як політичні та національні переконання газет визначили їхнє бачення Німеччини та, навпаки, як образ німецького “іншого” кшталтував місцевий образ “свого” у Києві як центрі Південно-Західного краю імперії, столиці УНР та Української Держави. Розглянуто характерні для періоду образи німців як “культурного взірця”, “геополітичного суперника мілітариста”, “внутрішнього ворога-чужинця” й “німецької зради”, “звіра” або ж “людини” на війні, “руйнівника” єдиної Росії і водночас “приятеля спільника” України у боротьбі з “великоросами-більшовиками”, зрештою — представника окупаційного “німецького порядку” й “імперіалізму”. Встановлено, що незважаючи на війну та революцію, тривкими у київській пресі виявились уявлення про німецьку національну вдачу.
650 ## - Додаткове предметне введення – тематичний термін
Джерело заголовка чи терміна UDC
Тематичний термін чи географічна назва, як елемент введення (НП) 94 Історія
942 ## - Додаткові елементи входу (Коха)
Source of classification or shelving scheme Universal Decimal Classification
Тип елемента Koha Автореферат
955 ## - Код типу видання за змістом
Код типу видання за змістом (НП) Наукові видання

Немає доступних примірників.